000 01105nam a22002537a 4500
003 OSt
005 20250408085531.0
008 240911b ||||| |||| 00| 0 eng d
040 _c0
082 _aDPer 621.317 Ie21 December 2022 v.37 n. 12 part 1&2.
100 _aKacki, Marcin.
_eauthor.
_960740
245 _aMeasurement methods for high-frequency characterizations of permeability, permittivity, and core loss of mn-zn ferrite cores /
_cMarcin Kacki, Marek S. Rylko, John G. Hayes, and Charles R. Sullivan.
260 _aNew York ;
_bThe Institute of Electrical and Electronics Engineers, Inc.,
_cDecember 2022.
300 _avolume 37, pages 15152-15162,
_billustration.
500 _aIEEE Transactions on Power Electronics, v. 37 n. 12, pages 15152-15162, December 2022.
650 0 _aFerrites.
_966215
650 0 _amagnetic losses.
_966216
650 0 _apermittivity.
_966217
700 _aKacki, Marcin.
_eauthor.
_960740
700 _aRylko, Marek S.
_eauthor.
_960741
700 _aHayes, John G.
_eauthor.
_960742
700 _aSullivan, Charles R.
_eauthor.
_960743
942 _2ddc
_cPER
999 _c21514
_d21514